[Event "Wch Seniors 50 31st"]
[Site "Terassini"]
[Date "2023.10.25"]
[Round "1"]
[White "Becker, Rogerio Sperb"]
[Black "Dlugy, Maxim"]
[Result "0-1"]
[WhiteElo "2102"]
[BlackElo "2520"]
[PlyCount "118"]
[EventDate "2023.10.25"]
[EventType "swiss"]
[EventRounds "11"]
[EventCountry "ITA"]
[SourceTitle "Mega2024 Update 01"]
[Source "Chessbase"]
[SourceDate "2023.11.12"]
[SourceVersion "1"]
[SourceVersionDate "2023.11.12"]
[SourceQuality "1"]

1. c4 c5 2. Nf3 Nf6 3. g3 d5 4. cxd5 Nxd5 5. Bg2 Nc6 6. 0-0 e5 7. Nc3 Nc7 8. a3 f6 9. d3 Be6 10. Be3 Qd7 11. Nd2 Be7 12. f4 exf4 13. Bxf4 Nd5 14. Nxd5 Bxd5 15. Bxd5 Qxd5 16. Qb3 Qxb3 17. Nxb3 b6 18. Kf2 f5 19. Bd2 0-0 20. a4 Ne5 21. h3 c4 22. dxc4 Nxc4 23. Bc3 f4 24. g4 f3 25. exf3 Bh4+ 26. Ke2 Rae8+ 27. Kd3 Ne3 28. Nd4 Nxf1 29. Rxf1 Bg5 30. Kc4 a6 31. Kd5 Rf6 32. Nf5 Rd8+ 33. Kc4 Rc6+ 34. Kb3 g6 35. Ng3 Bf6 36. Ne4 Bxc3 37. bxc3 Rf8 38. g5 Rf4 39. Nf6+ Kf7 40. Nxh7 Rfc4 41. Rc1 Rh4 42. Nf6 Rxh3 43. Rf1 Ke6 44. Ng4 Kf5 45. Ne3+ Kxg5 46. Nd5 Rg3 47. Kb4 a5+ 48. Kb3 Kh4 49. Kc2 Rg2+ 50. Kd3 Kg3 51. f4 Rd6 52. c4 Ra2 53. Kd4 Rxa4 54. Ke5 Rc6 55. Ne7 Raxc4 56. Rg1+ Kf2 57. Rxg6 Rxg6 58. Nxg6 a4 59. f5 a3 0-1

[Event "USA-ch Seniors"]
[Site "Saint Louis"]
[Date "2023.07.24"]
[Round "9"]
[White "Kaidanov, Gregory S"]
[Black "Dlugy, Maxim"]
[Result "1/2-1/2"]
[WhiteElo "2563"]
[BlackElo "2524"]
[PlyCount "84"]
[EventDate "2023.07.15"]
[EventType "tourn"]
[EventRounds "9"]
[EventCountry "USA"]
[EventCategory "10"]
[SourceTitle "CBM 215 Extra"]
[Source "ChessBase"]
[SourceDate "2023.09.30"]
[SourceVersion "1"]
[SourceVersionDate "2023.09.30"]
[SourceQuality "1"]

1. e4 c5 2. Nf3 e6 3. d4 cxd4 4. Nxd4 Nf6 5. Nc3 Nc6 6. a3 Be7 7. Nxc6 dxc6 8. Qxd8+ Bxd8 9. e5 Nd7 10. f4 f6 11. exf6 Nxf6 12. Bd2 0-0 13. 0-0-0 Nd5 14. g3 h6 15. Re1 Bc7 16. Bg2 Bd7 17. Re2 Rae8 18. Rhe1 Kf7 19. Nd1 e5 20. Bxd5+ cxd5 21. Bb4 Bg4 22. Rf2 exf4 23. Ne3 Kg8 24. Bxf8 Rxe3 25. Bb4 Rxe1+ 26. Bxe1 Bb6 27. Rxf4 Be3+ 28. Bd2 Bxf4 29. Bxf4 Kf7 30. Kd2 Ke6 31. Ke3 h5 32. Kd4 Bd1 33. c3 Bf3 34. Bb8 a6 35. Kc5 Kd7 36. Be5 g6 37. Kb6 Kc8 38. h4 Be4 39. Bf4 Bf3 40. Be5 Be4 41. Bf4 Bf3 42. Be5 Be4 1/2-1/2

[Event "USA-ch Seniors"]
[Site "Saint Louis"]
[Date "2023.07.21"]
[Round "6"]
[White "Dlugy, Maxim"]
[Black "Akopian, Vladimir Eduardovic"]
[Result "0-1"]
[WhiteElo "2524"]
[BlackElo "2612"]
[PlyCount "74"]
[EventDate "2023.07.15"]
[EventType "tourn"]
[EventRounds "9"]
[EventCountry "USA"]
[EventCategory "10"]
[SourceTitle "CBM 215 Extra"]
[Source "ChessBase"]
[SourceDate "2023.09.30"]
[SourceVersion "1"]
[SourceVersionDate "2023.09.30"]
[SourceQuality "1"]

1. d4 Nf6 2. Bf4 c5 3. dxc5 Na6 4. e4 Nxe4 5. Bxa6 Qa5+ 6. b4 Qxa6 7. Qd4 d5 8. Ne2 e6 9. Nbc3 Nxc3 10. Nxc3 f6 11. Qd3 Qxd3 12. cxd3 a5 13. Na4 axb4 14. Nb6 Ra6 15. Nxc8 Bxc5 16. Rc1 b6 17. Nd6+ Kd7 18. Nb7 Rc8 19. Nxc5+ bxc5 20. Rc2 c4 21. Rb2 e5 22. Bc1 cxd3 23. Kd1 Rac6 24. Bd2 Rc2 25. Rxc2 Rxc2 26. Bxb4 Rxf2 27. Bd2 Rxg2 28. a4 Rg4 29. a5 Ra4 30. Rg1 g5 31. Rg3 Ra1+ 32. Bc1 e4 33. Kd2 Rxa5 34. Rh3 Ra2+ 35. Kd1 Ke6 36. Rxh7 d4 37. Rh3 Rg2 0-1

[Event "USA-ch Seniors"]
[Site "Saint Louis"]
[Date "2023.07.18"]
[Round "4"]
[White "Dlugy, Maxim"]
[Black "Shabalov, Alexander"]
[Result "1-0"]
[WhiteElo "2524"]
[BlackElo "2453"]
[PlyCount "103"]
[EventDate "2023.07.15"]
[EventType "tourn"]
[EventRounds "9"]
[EventCountry "USA"]
[EventCategory "10"]
[SourceTitle "CBM 215 Extra"]
[Source "ChessBase"]
[SourceDate "2023.09.30"]
[SourceVersion "1"]
[SourceVersionDate "2023.09.30"]
[SourceQuality "1"]

1. d4 Nf6 2. Bf4 d5 3. e3 e6 4. Nd2 Bd6 5. Ngf3 0-0 6. Bd3 c5 7. c3 Bxf4 8. exf4 cxd4 9. Nxd4 Nc6 10. N2f3 Qc7 11. g3 b6 12. 0-0 Bb7 13. Re1 Rad8 14. Ne5 g6 15. h4 Nxe5 16. Rxe5 Rfe8 17. Re3 e5 18. Rxe5 Rxe5 19. fxe5 Qxe5 20. Bf1 Re8 21. Qa4 a6 22. Qb3 Qd6 23. Rd1 Bc8 24. Qc2 Qe5 25. Qe2 Qd6 26. Qd2 Qe5 27. Nc2 a5 28. Qd4 Qxd4 29. Rxd4 Kf8 30. Ne3 Re4 31. Rxe4 dxe4 32. Nc4 Be6 33. Nxb6 Bxa2 34. Bc4 Bb1 35. Kf1 Ke7 36. Nd5+ Nxd5 37. Bxd5 f5 38. Ke2 Kf6 39. Ke3 Ke5 40. Bf7 Bc2 41. h5 gxh5 42. Bxh5 Bb3 43. Be2 Bf7 44. Bb5 Bb3 45. c4 h5 46. c5 h4 47. gxh4 f4+ 48. Kd2 Bf7 49. Kc3 Bh5 50. c6 Kd6 51. Kd4 Bf3 52. Ba4 1-0

[Event "USA-ch Seniors"]
[Site "Saint Louis"]
[Date "2023.07.15"]
[Round "1"]
[White "Benjamin, Joel"]
[Black "Dlugy, Maxim"]
[Result "1/2-1/2"]
[WhiteElo "2500"]
[BlackElo "2524"]
[PlyCount "83"]
[EventDate "2023.07.15"]
[EventType "tourn"]
[EventRounds "9"]
[EventCountry "USA"]
[EventCategory "10"]
[SourceTitle "CBM 215 Extra"]
[Source "ChessBase"]
[SourceDate "2023.09.30"]
[SourceVersion "1"]
[SourceVersionDate "2023.09.30"]
[SourceQuality "1"]

1. e4 c5 2. Nf3 e6 3. c4 Nc6 4. d4 cxd4 5. Nxd4 Nf6 6. Nc3 Bb4 7. Nxc6 bxc6 8. Bd3 e5 9. 0-0 0-0 10. Be3 Bxc3 11. bxc3 d6 12. h3 Qe7 13. Qd2 Be6 14. f4 exf4 15. Bxf4 Nd7 16. Bc2 Ne5 17. c5 Rfd8 18. Qd4 f6 19. cxd6 Rxd6 20. Qc5 Rd7 21. Qxe7 Rxe7 22. Bxe5 fxe5 23. Bb3 Rb8 24. Rad1 Bxb3 25. axb3 a5 26. Ra1 Rxb3 27. Rxa5 h6 28. Rc5 Re6 29. Rf5 Rb5 30. Rxb5 cxb5 31. Kf1 g6 32. Rf2 Rc6 33. Rb2 Rc4 34. Rxb5 Rxe4 35. Kf2 Rc4 36. Rxe5 Rxc3 37. Re7 Ra3 38. Ke2 Rg3 39. Kf2 Ra3 40. Ke2 Rg3 41. Kf2 Ra3 42. Ke2 1/2-1/2

[Event "USA-ch Seniors playoff"]
[Site "Saint Louis"]
[Date "2022.07.16"]
[Round "3"]
[White "Christiansen, Larry Mark"]
[Black "Dlugy, Maxim"]
[Result "1-0"]
[WhiteElo "2577"]
[BlackElo "2513"]
[PlyCount "107"]
[EventDate "2022.07.16"]
[EventType "tourn (rapid)"]
[EventRounds "5"]
[EventCountry "USA"]
[EventCategory "11"]
[SourceTitle "CBM 209 Extra"]
[Source "ChessBase"]
[SourceDate "2022.09.30"]
[SourceVersion "1"]
[SourceVersionDate "2022.09.30"]
[SourceQuality "1"]

1. d4 d5 2. c4 dxc4 3. e3 e6 4. Bxc4 Nf6 5. Nf3 a6 6. 0-0 b5 7. Be2 Bb7 8. a4 b4 9. Nbd2 Nbd7 10. Nc4 c5 11. Nfe5 Be7 12. Bf3 Bd5 13. Qe2 cxd4 14. exd4 Rc8 15. b3 Bxf3 16. Qxf3 0-0 17. Nc6 Qe8 18. Bg5 h6 19. Bh4 Nb8 20. Nxe7+ Qxe7 21. Rfe1 Nbd7 22. d5 Qc5 23. dxe6 fxe6 24. Bg3 Nh5 25. Qe2 Nxg3 26. hxg3 Rf6 27. Rad1 Nb6 28. Nd6 Nd5 29. Ne4 Qb6 30. Nxf6+ Nxf6 31. a5 Qc6 32. Qxe6+ Qxe6 33. Rxe6 Rc3 34. Rb1 Rc2 35. Rxa6 Ne4 36. Ra8+ Kf7 37. Ra1 Nd2 38. a6 Nxb3 39. Rb1 Nd2 40. Rxb4 Ra2 41. f3 Ra1+ 42. Kf2 Ra2 43. Kg1 Ra1+ 44. Kh2 Ra2 45. Kh3 h5 46. Rd8 Ra1 47. g4 hxg4+ 48. Kxg4 Nf1 49. Rb7+ Kg6 50. a7 Ra4+ 51. f4 Ra3 52. Rb6+ Kh7 53. a8Q Ne3+ 54. Kf3 1-0

[Event "USA-ch Seniors playoff"]
[Site "Saint Louis"]
[Date "2022.07.16"]
[Round "2"]
[White "Dlugy, Maxim"]
[Black "Gurevich, Dmitry"]
[Result "1/2-1/2"]
[WhiteElo "2513"]
[BlackElo "2351"]
[PlyCount "121"]
[EventDate "2022.07.16"]
[EventType "tourn (rapid)"]
[EventRounds "5"]
[EventCountry "USA"]
[EventCategory "11"]
[SourceTitle "CBM 209 Extra"]
[Source "ChessBase"]
[SourceDate "2022.09.30"]
[SourceVersion "1"]
[SourceVersionDate "2022.09.30"]
[SourceQuality "1"]

1. d4 Nf6 2. Bf4 c5 3. dxc5 e6 4. Bd6 Bxd6 5. Qxd6 Qe7 6. Nc3 Na6 7. Nb5 Ne4 8. Qxe7+ Kxe7 9. f3 Nexc5 10. e4 Nb4 11. Kd2 a6 12. Nc3 b5 13. a3 Nc6 14. b4 Nb7 15. a4 Nxb4 16. axb5 a5 17. Na4 d5 18. Nb6 Rb8 19. c3 Nc5 20. cxb4 Nb3+ 21. Kc3 Nxa1 22. bxa5 dxe4 23. fxe4 Rd8 24. Be2 Rxb6 25. axb6 Bb7 26. Nf3 Rc8+ 27. Bc4 Nc2 28. Kxc2 Rxc4+ 29. Kb3 Rxe4 30. Rc1 Bd5+ 31. Ka3 Kd6 32. Rc7 e5 33. Ng5 Rf4 34. Rc8 Bxg2 35. Rc7 Bd5 36. Rc8 Bg2 37. Rc2 Bb7 38. Rc7 Bd5 39. Nxh7 e4 40. Nf8 e3 41. Rd7+ Kc5 42. b7 Bxb7 43. Rxb7 Re4 44. Rc7+ Kxb5 45. Rc1 e2 46. Re1 Kc4 47. Nd7 Kd4 48. Kb3 Ke3 49. Nc5 Re5 50. Kc4 Kd2 51. Rg1 e1Q 52. Nb3+ Kd1 53. Rxe1+ Rxe1 54. Nd4 Rh1 55. Nf3 Ke2 56. Ng5 f6 57. Ne6 Rxh2 58. Nxg7 Rh4+ 59. Kd5 Ke3 60. Nf5+ Kf4 61. Nxh4 1/2-1/2

[Event "USA-ch Seniors playoff"]
[Site "Saint Louis"]
[Date "2022.07.16"]
[Round "1"]
[White "Shabalov, Alexander"]
[Black "Dlugy, Maxim"]
[Result "1-0"]
[WhiteElo "2510"]
[BlackElo "2513"]
[PlyCount "97"]
[EventDate "2022.07.16"]
[EventType "tourn (rapid)"]
[EventRounds "5"]
[EventCountry "USA"]
[EventCategory "11"]
[SourceTitle "CBM 209 Extra"]
[Source "ChessBase"]
[SourceDate "2022.09.30"]
[SourceVersion "1"]
[SourceVersionDate "2022.09.30"]
[SourceQuality "1"]

1. e4 d5 2. exd5 Qxd5 3. Nc3 Qd6 4. d4 c6 5. Nf3 Nf6 6. g3 Bf5 7. Bg2 e6 8. 0-0 h6 9. Ne2 Be7 10. c4 0-0 11. Bf4 Qd8 12. Nc3 Bd6 13. Be3 Nbd7 14. a3 a5 15. h3 Qc7 16. Nd2 Rfd8 17. c5 Be7 18. b4 e5 19. Nf3 exd4 20. Nxd4 Ne5 21. Qb3 Bd3 22. Rfd1 Bc4 23. Qc2 axb4 24. axb4 Rxa1 25. Rxa1 Bd3 26. Qb3 Nc4 27. Ncb5 cxb5 28. Qxd3 Qd7 29. Qf5 Qe8 30. Re1 Nxe3 31. fxe3 Bf8 32. Qf1 Qe5 33. c6 Qxg3 34. Nf5 Qe5 35. cxb7 Rb8 36. Qf4 Nd7 37. Qxe5 Nxe5 38. Rc1 Nc4 39. Ra1 Nb6 40. Nd4 Bxb4 41. Ra7 Re8 42. Nc6 Bd6 43. Ra6 Nd7 44. Nd4 Bb8 45. Bc6 Rd8 46. Bxd7 Rxd7 47. Rb6 Kf8 48. Nc6 Bc7 49. b8Q+ 1-0

[Event "USA-ch Seniors"]
[Site "Saint Louis"]
[Date "2022.07.15"]
[Round "8"]
[White "Dlugy, Maxim"]
[Black "Novikov, Igor A"]
[Result "1-0"]
[WhiteElo "2513"]
[BlackElo "2547"]
[PlyCount "55"]
[EventDate "2022.07.07"]
[EventType "tourn"]
[EventRounds "9"]
[EventCountry "USA"]
[EventCategory "11"]
[SourceTitle "CBM 209 Extra"]
[Source "ChessBase"]
[SourceDate "2022.09.30"]
[SourceVersion "1"]
[SourceVersionDate "2022.09.30"]
[SourceQuality "1"]

1. d4 d5 2. c4 e6 3. Nc3 c6 4. Nf3 Nf6 5. Bg5 h6 6. Bh4 dxc4 7. e4 g5 8. Bg3 b5 9. Be2 Bb7 10. h4 g4 11. Ne5 h5 12. Qc2 Nbd7 13. Rd1 Nxe5 14. Bxe5 Bg7 15. b3 cxb3 16. axb3 0-0 17. 0-0 Ne8 18. Bxg7 Nxg7 19. e5 f5 20. exf6 Qxf6 21. g3 c5 22. dxc5 Rac8 23. Nxb5 Qe5 24. b4 Bd5 25. Bc4 Rb8 26. Rde1 Qf6 27. Bxd5 Rxb5 28. Bxe6+ 1-0

[Event "USA-ch Seniors"]
[Site "Saint Louis"]
[Date "2022.07.08"]
[Round "2"]
[White "Kaidanov, Gregory S"]
[Black "Dlugy, Maxim"]
[Result "1/2-1/2"]
[WhiteElo "2548"]
[BlackElo "2513"]
[PlyCount "62"]
[EventDate "2022.07.07"]
[EventType "tourn"]
[EventRounds "9"]
[EventCountry "USA"]
[EventCategory "11"]
[SourceTitle "CBM 209 Extra"]
[Source "ChessBase"]
[SourceDate "2022.09.30"]
[SourceVersion "1"]
[SourceVersionDate "2022.09.30"]
[SourceQuality "1"]

1. e4 c5 2. Nf3 d6 3. d4 cxd4 4. Nxd4 Nf6 5. Nc3 Nc6 6. Bg5 e6 7. Qd2 a6 8. 0-0-0 h6 9. Nxc6 bxc6 10. Bf4 d5 11. Qe3 Bb4 12. Be2 0-0 13. e5 Nh7 14. a3 Be7 15. Ne4 f5 16. Nd6 Ng5 17. h4 Ne4 18. Nxe4 fxe4 19. Qg3 Kh8 20. Bxh6 gxh6 21. Qg6 Rxf2 22. Qxh6+ Kg8 23. Qg6+ Kh8 24. Rdf1 Bc5 25. Qh5+ Kg8 26. Qg4+ Kh8 27. Qh5+ Kg8 28. Qg4+ Kh8 29. Qh5+ Kg8 30. Qg4+ Kh8 31. Qh5+ Kg8 1/2-1/2

[Event "USA-ch Seniors"]
[Site "Saint Louis"]
[Date "2022.07.07"]
[Round "1"]
[White "Dlugy, Maxim"]
[Black "Gurevich, Dmitry"]
[Result "1/2-1/2"]
[WhiteElo "2513"]
[BlackElo "2351"]
[PlyCount "109"]
[EventDate "2022.07.07"]
[EventType "tourn"]
[EventRounds "9"]
[EventCountry "USA"]
[EventCategory "11"]
[SourceTitle "CBM 209 Extra"]
[Source "ChessBase"]
[SourceDate "2022.09.30"]
[SourceVersion "1"]
[SourceVersionDate "2022.09.30"]
[SourceQuality "1"]

1. d4 Nf6 2. Bf4 Nc6 3. Nf3 d6 4. Nc3 g6 5. Qd2 Bg4 6. 0-0-0 Bxf3 7. gxf3 h6 8. e4 Bg7 9. Be3 a6 10. Qe2 e6 11. e5 dxe5 12. dxe5 Nd7 13. f4 Qe7 14. Bg2 Rb8 15. Bxc6 bxc6 16. Qxa6 Qb4 17. Na4 Qb5 18. Qxb5 cxb5 19. Nc5 Nxc5 20. Bxc5 Bf8 21. Bxf8 Rxf8 22. Rd3 Ke7 23. Rhd1 Rfc8 24. b3 b4 25. Kb2 Rb5 26. h4 g5 27. hxg5 hxg5 28. Rd7+ Ke8 29. fxg5 Rxe5 30. g6 Rf5 31. g7 Rg5 32. R7d4 c5 33. Rd7 Rxg7 34. Rb7 Rd8 35. Rxd8+ Kxd8 36. c3 Kc8 37. Ra7 Kb8 38. Re7 Kc8 39. a4 bxa3+ 40. Kxa3 Kd8 41. Ra7 Ke8 42. Ka4 Rg5 43. Kb5 Rf5 44. c4 Rf3 45. Ra3 Rf5 46. Kc6 Kd8 47. Ra2 Rf3 48. Rb2 Rf5 49. b4 cxb4 50. c5 b3 51. Rxb3 Rxf2 52. Kb7 Rc2 53. c6 f5 54. Rd3+ Ke7 55. c7 1/2-1/2

[Event "North American Blitz op 30th"]
[Site "ICC INT"]
[Date "2020.12.31"]
[Round "7"]
[White "Dlugy, Maxim"]
[Black "Balogun, Oluwafemi Daniel"]
[Result "1-0"]
[WhiteElo "2513"]
[BlackElo "2247"]
[PlyCount "131"]
[EventDate "2020.12.31"]
[EventType "swiss (blitz)"]
[EventRounds "11"]
[EventCountry "USA"]
[SourceTitle "CBM 200 Extra"]
[Source "ChessBase"]
[SourceDate "2021.03.31"]
[SourceVersion "1"]
[SourceVersionDate "2021.03.31"]
[SourceQuality "1"]

1. d4 Nf6 2. Bf4 g6 3. Nc3 d6 4. e4 c6 5. Qd2 Nbd7 6. 0-0-0 Qa5 7. e5 dxe5 8. dxe5 Nh5 9. e6 fxe6 10. Bh6 Bxh6 11. Qxh6 Qf5 12. Nf3 Qf4+ 13. Qxf4 Nxf4 14. g3 Nd5 15. Ne4 h6 16. c4 N5f6 17. Bd3 g5 18. Rhe1 Kd8 19. Nc3 Nc5 20. Bc2+ Kc7 21. b4 Na6 22. a3 Ng4 23. Rd2 Rd8 24. Rxd8 Kxd8 25. Ne4 Nc7 26. h3 Nf6 27. Nc3 a5 28. Ne5 axb4 29. axb4 Ra1+ 30. Bb1 Ke8 31. Kb2 Ra8 32. Rd1 Bd7 33. Bg6+ Kd8 34. Nf7+ Kc8 35. Nxh6 e5 36. Bf5 Bxf5 37. Nxf5 Ne6 38. Nxe7+ Kc7 39. Nf5 Rf8 40. Rd2 g4 41. h4 Nd7 42. Ne3 Rg8 43. Ne4 Nd4 44. Nc2 Nf3 45. Rxd7+ Kxd7 46. Nf6+ Ke6 47. Nxg8 Kf7 48. Nh6+ Kg6 49. Nxg4 Kf5 50. Nge3+ Ke4 51. h5 Ng5 52. h6 Kf3 53. Nd1 Ke2 54. Nce3 Kd3 55. f4 exf4 56. gxf4 Nh7 57. f5 Kd4 58. Kb3 b5 59. cxb5 cxb5 60. Ng4 Ke4 61. f6 Kf5 62. Nde3+ Kg6 63. Kc3 Nxf6 64. Nxf6 Kxf6 65. Kd4 Kg6 66. Ng4 1-0

[Event "North American Blitz op 30th"]
[Site "ICC INT"]
[Date "2020.12.31"]
[Round "9"]
[White "Dlugy, Maxim"]
[Black "Wang, Eigen"]
[Result "1-0"]
[WhiteElo "2513"]
[BlackElo "2226"]
[PlyCount "63"]
[EventDate "2020.12.31"]
[EventType "swiss (blitz)"]
[EventRounds "11"]
[EventCountry "USA"]
[SourceTitle "CBM 200 Extra"]
[Source "ChessBase"]
[SourceDate "2021.03.31"]
[SourceVersion "1"]
[SourceVersionDate "2021.03.31"]
[SourceQuality "1"]

1. d4 Nf6 2. Bf4 d5 3. e3 c5 4. dxc5 e6 5. b4 a5 6. c3 Nc6 7. Bb5 Ne4 8. Nf3 axb4 9. cxb4 Bd7 10. Bxc6 bxc6 11. 0-0 Be7 12. Nbd2 Nxd2 13. Qxd2 0-0 14. a4 f6 15. Bg3 e5 16. Qc2 Qc8 17. Nd2 Bf5 18. e4 Bg6 19. f3 Rb8 20. Rfb1 Qa6 21. b5 Qa5 22. Nb3 Qb4 23. Be1 Qc4 24. Qxc4 dxc4 25. Na5 Bxc5+ 26. Bf2 Bxf2+ 27. Kxf2 cxb5 28. axb5 Bf7 29. b6 Rfd8 30. Nc6 Kf8 31. Nxd8 Rxd8 32. b7 1-0

[Event "North American Blitz op 30th"]
[Site "ICC INT"]
[Date "2020.12.31"]
[Round "4"]
[White "Tanaka, Taira Tyler"]
[Black "Dlugy, Maxim"]
[Result "0-1"]
[WhiteElo "2099"]
[BlackElo "2513"]
[PlyCount "98"]
[EventDate "2020.12.31"]
[EventType "swiss (blitz)"]
[EventRounds "11"]
[EventCountry "USA"]
[SourceTitle "CBM 200 Extra"]
[Source "ChessBase"]
[SourceDate "2021.03.31"]
[SourceVersion "1"]
[SourceVersionDate "2021.03.31"]
[SourceQuality "1"]

1. Nf3 d5 2. g3 Nc6 3. d4 Bf5 4. Bg2 e6 5. 0-0 Nb4 6. Na3 h5 7. h4 Nf6 8. c3 Nc6 9. Nb1 Ne4 10. Nfd2 Nd6 11. Qe1 Qd7 12. e4 dxe4 13. Nxe4 Nxe4 14. Bxe4 Bxe4 15. Qxe4 0-0-0 16. a4 Qd5 17. Qxd5 exd5 18. Bf4 f6 19. Kg2 Be7 20. Nd2 Rde8 21. b4 Kd7 22. Nb3 b6 23. b5 Nd8 24. Rac1 Ne6 25. Be3 Bd6 26. c4 dxc4 27. Rxc4 Nf8 28. Rfc1 Ng6 29. Kf3 Ne7 30. Bf4 Bxf4 31. Kxf4 Nd5+ 32. Kf3 g5 33. Nd2 g4+ 34. Kg2 Re2 35. Nf1 f5 36. Kg1 Rhe8 37. Rc6 R8e6 38. R6c4 Kd8 39. a5 bxa5 40. Ra1 Nb6 41. Rc5 a4 42. Rxf5 Re1 43. Ra2 R6e2 44. Ra3 Rb2 45. Rxh5 Rbb1 46. Kg2 Rxf1 47. f3 gxf3+ 48. Rxf3 Rxf3 49. Kxf3 a3 0-1

[Event "North American Blitz op 30th"]
[Site "ICC INT"]
[Date "2020.12.31"]
[Round "2"]
[White "Yan, Rui Yang"]
[Black "Dlugy, Maxim"]
[Result "0-1"]
[WhiteElo "2093"]
[BlackElo "2513"]
[PlyCount "82"]
[EventDate "2020.12.31"]
[EventType "swiss (blitz)"]
[EventRounds "11"]
[EventCountry "USA"]
[SourceTitle "CBM 200 Extra"]
[Source "ChessBase"]
[SourceDate "2021.03.31"]
[SourceVersion "1"]
[SourceVersionDate "2021.03.31"]
[SourceQuality "1"]

1. e4 c5 2. Nf3 d6 3. d4 cxd4 4. Nxd4 Nf6 5. Nc3 Nc6 6. f3 e5 7. Nb3 Be7 8. Be3 0-0 9. Qd2 a5 10. Bb5 Be6 11. 0-0-0 Nb4 12. a3 Qc7 13. Kb1 d5 14. axb4 d4 15. bxa5 dxe3 16. Qxe3 Bxb3 17. cxb3 Rxa5 18. Ba4 Rfa8 19. Nb5 Qc5 20. Qxc5 Bxc5 21. Rc1 b6 22. Rhd1 h5 23. Rc2 h4 24. h3 Nh5 25. Rcd2 Nf4 26. Nc7 Rc8 27. Rd8+ Rxd8 28. Rxd8+ Kh7 29. Rd2 Be3 30. Rc2 Rc5 31. Rxc5 Bxc5 32. b4 Bf2 33. Nd5 Nxg2 34. Bd7 Kh6 35. Bg4 g6 36. Kc2 Kg5 37. Ne7 Kf4 38. Kd3 Kg3 39. Ke2 Nf4+ 40. Kf1 Bd4 41. Nd5 Nxh3 0-1

[Event "Titled Tuesday intern op 28th Apr"]
[Site "Chess.com INT"]
[Date "2020.04.28"]
[Round "4"]
[White "Dlugy, Maxim"]
[Black "Liascovich, Lucas Agustin"]
[Result "1-0"]
[WhiteElo "2513"]
[BlackElo "2433"]
[PlyCount "107"]
[EventDate "2020.04.28"]
[EventType "swiss (blitz)"]
[EventRounds "10"]
[EventCountry "USA"]
[SourceTitle "EXT 2021"]
[Source "ChessBase"]
[SourceDate "2020.10.23"]
[SourceVersion "1"]
[SourceVersionDate "2020.10.23"]
[SourceQuality "1"]

1. d4 d5 2. Bf4 c5 3. Nc3 a6 4. e4 e6 5. exd5 exd5 6. dxc5 Nf6 7. Na4 Bxc5 8. Nxc5 Qa5+ 9. Qd2 Qxc5 10. Bd3 Nc6 11. Nf3 0-0 12. 0-0 Bg4 13. Ne5 Bh5 14. Nxc6 Qxc6 15. Be5 Bg6 16. Bxg6 hxg6 17. Rad1 Rad8 18. c3 Rfe8 19. Rfe1 Qa4 20. Bxf6 gxf6 21. Rxe8+ Rxe8 22. Qxd5 Qc2 23. h4 Qxb2 24. h5 gxh5 25. Rd3 Qc1+ 26. Kh2 Re5 27. Rg3+ Rg5 28. Qxb7 Rxg3 29. fxg3 Qxc3 30. Qxa6 Kg7 31. Qa4 f5 32. Qf4 Qa3 33. Qg5+ Kf8 34. Qd8+ Kg7 35. Qd4+ Kg6 36. Qb6+ Kg7 37. Qb3 Qd6 38. Qc3+ Kg6 39. Qc4 Qe5 40. a4 Qe1 41. Qc6+ f6 42. Qc4 Qe8 43. a5 Qb8 44. a6 Qb6 45. Qa4 Qa7 46. Qe8+ Kh6 47. Qf8+ Kg6 48. Qd6 Kg7 49. Qc6 Kg6 50. Qb7 Qe3 51. Qf3 h4 52. Qxe3 hxg3+ 53. Qxg3+ Kh5 54. a7 1-0

[Event "Titled Tuesday intern op 28th Apr"]
[Site "Chess.com INT"]
[Date "2020.04.28"]
[Round "7"]
[White "Laurusas, Tomas"]
[Black "Dlugy, Maxim"]
[Result "0-1"]
[WhiteElo "2511"]
[BlackElo "2513"]
[PlyCount "76"]
[EventDate "2020.04.28"]
[EventType "swiss (blitz)"]
[EventRounds "10"]
[EventCountry "USA"]
[SourceTitle "EXT 2021"]
[Source "ChessBase"]
[SourceDate "2020.10.23"]
[SourceVersion "1"]
[SourceVersionDate "2020.10.23"]
[SourceQuality "1"]

1. d4 d5 2. c4 dxc4 3. e4 e5 4. Nf3 Bb4+ 5. Nbd2 c3 6. bxc3 Bxc3 7. Rb1 exd4 8. Bc4 Nc6 9. 0-0 Nh6 10. Ba3 a5 11. Bb5 Bd7 12. Nb3 Nb4 13. Nbxd4 0-0 14. Bxd7 Qxd7 15. Ne2 Qxd1 16. Rfxd1 Bf6 17. e5 Rfe8 18. exf6 Rxe2 19. fxg7 Rxa2 20. Bxb4 axb4 21. Rxb4 Ra1 22. Rbb1 Rxb1 23. Rxb1 b6 24. Nd4 Kxg7 25. f3 Rd8 26. Nb5 Rd7 27. Rc1 c5 28. Rb1 Nf5 29. Nc3 Rd6 30. Na4 Rd4 31. Nxb6 Rb4 32. Rxb4 cxb4 33. Kf2 b3 34. Na4 Kf6 35. Ke2 Ke5 36. g3 Kd4 37. Kd2 Nd6 38. h4 Nf5 0-1

[Event "Titled Tuesday intern op 14th April"]
[Site "Chess.com INT"]
[Date "2020.04.14"]
[Round "4"]
[White "Avalyan, Artur"]
[Black "Dlugy, Maxim"]
[Result "0-1"]
[WhiteElo "2342"]
[BlackElo "2513"]
[PlyCount "152"]
[EventDate "2020.04.14"]
[EventType "swiss (blitz)"]
[EventRounds "10"]
[EventCountry "USA"]
[SourceTitle "EXT 2021"]
[Source "ChessBase"]
[SourceDate "2020.10.23"]
[SourceVersion "1"]
[SourceVersionDate "2020.10.23"]
[SourceQuality "1"]

1. d4 d5 2. c4 dxc4 3. Nf3 a6 4. e3 e6 5. Bxc4 b5 6. Be2 Nf6 7. 0-0 Bb7 8. a4 b4 9. Nbd2 Nbd7 10. Nc4 c5 11. b3 Be7 12. Bb2 0-0 13. dxc5 Nxc5 14. Nd4 Nfe4 15. Qc2 Rc8 16. Rfd1 Qc7 17. f3 Nf6 18. Rac1 Nd5 19. e4 Nf4 20. Bf1 Qb8 21. g3 Ng6 22. Bg2 Rfd8 23. f4 Bf8 24. h4 Ne7 25. h5 h6 26. Kh1 Nc6 27. Nf3 Rxd1+ 28. Rxd1 Rd8 29. e5 Rxd1+ 30. Qxd1 Ne7 31. Nd4 Bxg2+ 32. Kxg2 Nd5 33. Qf3 Qc7 34. a5 Nb7 35. f5 Qd7 36. fxe6 fxe6 37. Bc1 Nd8 38. Qg4 Kh8 39. Bd2 Nc3 40. Nb6 Qc7 41. Qf4 Kg8 42. Kh3 Qe7 43. Nc4 Qe8 44. g4 Nf7 45. Qf3 Nb5 46. Nxb5 Qxb5 47. Qa8 Qd5 48. Qxd5 exd5 49. Ne3 d4 50. Nc4 Nd8 51. Kg3 Ne6 52. Kf3 Kf7 53. Ke4 Nc5+ 54. Kxd4 Nxb3+ 55. Kd5 Nxd2 56. Nxd2 Be7 57. Kc6 Bd8 58. Nb3 Ke6 59. Kb7 Kxe5 60. Kxa6 Kf4 61. Kb5 Bxa5 62. Kxa5 Kxg4 63. Kxb4 Kxh5 64. Kc3 Kg4 65. Kd2 Kg3 66. Ke2 Kg2 67. Nc1 g5 68. Nd3 h5 69. Ne1+ Kg3 70. Kf1 g4 71. Kg1 h4 72. Nd3 h3 73. Nf2 h2+ 74. Kf1 Kf3 75. Nh1 g3 76. Nxg3 Kxg3 0-1